Statistics for Countries by Food Part 3

Click here to take the quiz!

General Stats

  • This quiz has been taken 27 times
  • The average score is 7 of 16

Answer Stats

Answer% Correct
Germany
83%
Australia
61%
Pakistan
56%
Poland
56%
South Korea
56%
Madagascar
50%
Israel
44%
Netherlands
44%
Finland
39%
Lebanon
39%
Portugal
39%
Saudi Arabia
39%
Mongolia
33%
Sri Lanka
33%
Nigeria
28%
Greenland
11%

Score Distribution

Percentile by Number Answered

Percent of People with Each Score

Your Score History

You have not taken this quiz